Biblical theology bulletin / 1

Saved in:  
Bibliographic Details
Format: Print Book
Language:English
Undetermined language
Subito Delivery Service: Order now.
Check availability: HBZ Gateway
Interlibrary Loan:Interlibrary Loan for the Fachinformationsdienste (Specialized Information Services in Germany)
Published: 1971
In: Biblical theology bulletin a journal of bible and culture
Year: 1971

MARC

LEADER 00000cam a2200000 cc4500
001 1332667198
003 DE-627
005 20260104185026.0
007 tu
008 070313s1971 xx ||||| 00| ||eng c
035 |a (DE-627)1332667198 
035 |a (DE-576)262667193 
035 |a (DE-599)BSZ262667193 
040 |a DE-627  |b ger  |c DE-627  |e rakwb 
041 |a eng  |a und 
084 |a 1  |2 ssgn 
245 0 0 |a Biblical theology bulletin  |n 1 
264 1 |c 1971 
300 |a 336 S. 
336 |a Text  |b txt  |2 rdacontent 
337 |a ohne Hilfsmittel zu benutzen  |b n  |2 rdamedia 
338 |a Band  |b nc  |2 rdacarrier 
601 |a Theologe 
601 |a Bulletin 
773 1 8 |a Biblical theology bulletin a journal of bible and culture  |w (DE-627)166182729  |w (DE-576)014491990  |w (DE-600)121727-6  |x 0045-1843  |g 1  |q 1971,1  |7 nnas 
889 |w (DE-627)1866530283 
935 |a mteo 
935 |i mdedup 
951 |a JV 
ELC |b 1 
ITA |a 1 
LOK |0 000 xxxxxcx a22 zn 4500 
LOK |0 001 2529190585 
LOK |0 003 DE-627 
LOK |0 004 1332667198 
LOK |0 005 20070313092814 
LOK |0 008 070313||||||||||||||||ger||||||| 
LOK |0 040   |a DE-21-35  |c DE-627  |d DE-21-35 
LOK |0 541   |e A1496 
LOK |0 852   |a DE-21-35 
LOK |0 852 1  |c Zk 381-1  |m p  |9 00 
LOK |0 852 2  |b Magazin  |9 00 
LOK |0 935   |a kneu 
LOK |0 938   |k p 
LOK |0 939   |a 13-03-07  |b l01 
ORI |a SA-MARC-ixtheoa001.raw